000 00842nam a2200265 a 4500
001 000006850
003 OSt
005 20240530073911.0
008 090903s2009 dr 000 f spa d
020 _a9789993429470
040 _aDO-SdBNP
_bspa
_cBNPHU
082 _aRD863.5
_bR173e
100 1 _aRamírez R, Enrique Alberto,
_d1955-
_919023
245 1 3 _aLa extraña soledad de Mon :
_bmurió como vivió /
_cEnrique Alberto Ramírez R.
260 _aSanto Domingo :
_bCollado,
_c2009.
300 _a142 p. ;
_c21 cm.
500 _aBasado en una historia de la vida real.
500 _aIncluye datos biográficos
590 _aInventariado, 2018/ YL
650 0 _aNovela dominicana
_9223
650 0 _aLiteratura dominicana.
_967
700 1 _aMonegro, José P.
_epról
_919024
910 _aInventariado, 2020 / DG
942 _2ddc
_cLBS1
999 _c6638
_d6638